Hol számít a szavunk? És hol a szavazatunk? Na és online?

A study on the legal and non-legal binding force of the democratic process and online space in the democratic process. In the state and citizens connection is the question remains to be resolved: how (i.e. by which means) and at which (what level) governance processes citizens can be involved. Beyon...

Teljes leírás

Elmentve itt :
Bibliográfiai részletek
Szerző: Vörös Emese Hargita
Dokumentumtípus: Könyv része
Megjelent: Szegedi Tudományegyetem Móra Ferenc Szakkollégium Szeged 2025
Sorozat:Móra Akadémia 14
Móra Akadémia : szakkollégiumi tanulmánykötet 14. 14
Kulcsszavak:Demokrácia, Közösségi média
Tárgyszavak:
Online Access:http://acta.bibl.u-szeged.hu/88341
LEADER 01747naa a2200253 i 4500
001 acta88341
005 20250808150321.0
008 250808s2025 hu o 000 hun d
022 |a 2064-809X 
040 |a SZTE Egyetemi Kiadványok Repozitórium  |b hun 
041 |a hun 
041 |a eng 
100 1 |a Vörös Emese Hargita 
245 1 0 |a Hol számít a szavunk? És hol a szavazatunk? Na és online?  |h [elektronikus dokumentum] /  |c  Vörös Emese Hargita 
260 |a Szegedi Tudományegyetem Móra Ferenc Szakkollégium  |b Szeged  |c 2025 
300 |a 39-46 
490 0 |a Móra Akadémia  |v 14 
490 0 |a Móra Akadémia : szakkollégiumi tanulmánykötet 14.  |v 14 
520 3 |a A study on the legal and non-legal binding force of the democratic process and online space in the democratic process. In the state and citizens connection is the question remains to be resolved: how (i.e. by which means) and at which (what level) governance processes citizens can be involved. Beyond the instruments of direct democracy, democratic innovations are are those instruments that do and do not lead to decisions by public authorities seek to deepen the presence of citizens in governance processes levels of governmental governance. Te paper highlights and describes these instruments, highlight their positive aspects in terms of participation and deliberation, and the related dilemma of constitutional law: does it make sense to mere expression of opinion if it is not accompanied by legal binding force. 
650 4 |a Társadalomtudományok 
650 4 |a Politikatudomány 
650 4 |a Média és kommunikáció 
695 |a Demokrácia, Közösségi média 
856 4 0 |u http://acta.bibl.u-szeged.hu/88341/1/moraakademia_014_039-046.pdf  |z Dokumentum-elérés